000 00612nam a2200241 i 4500
001 C2-0085919
003 PPAK
005 20180727090734.0
008 970430s1993 enk |||| ||||| | eng d
020 _a0718136721
040 _aPPAK
_beng
_cPPAK
_erda
082 0 4 _a823
_223
090 0 0 _a823
_bROB
_dG
100 1 _aRoberts, Nora,
_eauthor
245 1 0 _aPrivate scandals
264 1 _aLondon :
_bMichael Joseph ,
_c1993
300 _a474 pages ;
_c23 cm
336 _2rdacontent
_atext
337 _2rdamedia
_aunmediated
338 _2rdacarrier
_avolume
650 1 0 _aEnglish fiction
942 _ddc
_cB
999 _c17381
_d17381